| 000 | 00928nam a22002777a 4500 | ||
|---|---|---|---|
| 999 |
_c29418 _d29389 |
||
| 003 | EG-ScBUE | ||
| 005 | 20210915130440.0 | ||
| 008 | 210915s2008 ua f 000 f ara d | ||
| 017 | _a2007/17149 | ||
| 020 | _a9771440284 | ||
| 040 |
_aEG-ScBUE _bara _erda _cEG-ScBUE _dEG-ScBUE |
||
| 082 | 0 | 4 |
_a892.736 _bح ق ي _222 |
| 100 | 1 |
_aحقي، يحيى، _eمؤلف. |
|
| 245 | 1 | 0 |
_aقنديل أم هاشم / _cيحيى حقي. |
| 250 | _aالطبعة الثالثة. | ||
| 264 | 1 |
_aالجيزة : _bنهضة مصر للطباعة والنشر والتوزيع، _c2008. |
|
| 300 |
_a159 صفحة ؛ _c20 سم |
||
| 336 |
_2rdacontent _aنص _btxt |
||
| 337 |
_2rdamedia _aبدون وسيط _bn |
||
| 338 |
_2rdacarrier _aمجلد _bnc |
||
| 541 |
_cDonation ; _aDr. fatma Hamdy. |
||
| 650 | 7 |
_aالقصص العربية _zمصر. _2BUEsh |
|
| 653 |
_bARALIT _cSeptember2021 |
||
| 655 |
_vReading book _934232 |
||
| 942 | _2ddc | ||